Top K-pop 2020 - Statistics

General Stats
  • This quiz has been taken 4 times
  • The average score is 4 of 20
Answer Stats
Hint Answer % Correct
Stray Kids Back Door
75%
TWICE I CAN'T STOP ME
50%
EVERGLOW LA DI DA
50%
ITZY WANNABE
50%
BTS Black Swan
25%
Tomorrow X Together Can't You See Me
25%
Taemin Criminal
25%
TREASURE I LOVE YOU
25%
SEVENTEEN Left & Right
25%
Lee Jin Hyuk Bedlam
0%
WOODZ BUMP BUMP
0%
Weki Meki Cool
0%
APink Dumhdurum
0%
SF9 Good Guy
0%
BIBI I'm Good At Goodbyes
0%
LUCY Jogging
0%
APRIL LALALILALA
0%
GFRIEND MAGO
0%
Sunmi pporappippam
0%
Weeekly Tag Me (@Me)
0%
No matching quizzes found
Score Distribution
Percent of People with Each Score
Percentile by Number Answered
Your Score History
You have not taken this quiz